00682nam a2200229 i 4500001000300000100003100003245005000034260004600084300003300130504002200163610002000185655001700205015001700222020001500239040000800254041000800262080001800270080001600288080000900304008004100313856009800354bg1 aKIENZLER, Iwonad(1956- ).10aLeksykon Unii Europejskiej /cIwona Kienzler. aWarszawa :b"Świat Książki",c2003. a424, [3] s. :bil. ;c25 cm. aBibliogr. Indeks.29aUnia Europejska aEncyklopedie aPB 9753/2003 a8373117822 cBPK0 apol a339.923(4-67) a061.1(4-67) a(03)051205s2003 pl f |000 0 pol  uhttp://koha.tu.koszalin.pl/cgi-bin/koha/opac-detail.pl?biblionumber=46969yKatalog online BPK